[Event "Challenge"]
[Site "http://www.queenalice.com/game.php?id=58602"]
[Date "2006.3.21"]
[Round "-"]
[White "volmar"]
[Black "mbazeggio"]
[Result "1-0"]
[WhiteElo "1632"]
[BlackElo "1518"]

1. e4 e5 2. Nf3 Nc6 3. d3 d6 4. h4 h6 5. c3 Bg4 6. Be2 Qd7 7. Nfd2 Bxe2 8. Qxe2
Nf6 9. f3 d5 10. Nb3 d4 11. cxd4 Nxd4 12. Nxd4 Qxd4 13. Qc2 O-O-O 14. f4 Bd6 15.
g3 Ng4 16. Qe2 h5 17. Kf1 Bc5 18. Kg2 f5 19. fxe5 fxe4 20. dxe4 Rhf8 21. Bf4
Nxe5 22. Nc3 Ng4 23. Rhd1 Ne3+ 24. Bxe3 Qxe3 25. Qxe3 Bxe3 26. Rxd8+ Rxd8 27.
Kf3 Bd4 28. Kf4 c6 29. e5 Kd7 30. Rd1 Ke6 31. Ke4 Bb6 32. Rxd8 Bxd8 33. Ne2 g5
34. hxg5 Bxg5 35. Nf4+ Bxf4 36. gxf4 h4 37. f5+ Ke7 38. f6+ Ke6 39. Kf4 h3 40.
Kg3 h2 41. Kxh2 b5 42. Kg2 c5 43. Kf2 a5 44. Ke2 c4 45. Kd2 b4 46. Kc2 a4 47.
Kd2 b3 48. axb3 cxb3 49. Kc3 Kxe5 50. f7 a3 51. bxa3 1-0

[Event "Challenge"]
[Site "http://www.queenalice.com/game.php?id=61466"]
[Date "2006.4.5"]
[Round "-"]
[White "barraw"]
[Black "volmar"]
[Result "0-1"]
[WhiteElo "1628"]
[BlackElo "1688"]

1. d4 d5 2. Nc3 Nc6 3. e3 Bf5 4. Qf3 e6 5. Bd3 Bxd3 6. cxd3 Qf6 7. a3 Qxf3 8.
Nxf3 a6 9. O-O Be7 10. b4 b5 11. e4 h6 12. Be3 f6 13. Rfe1 g5 14. e5 f5 15. Bc1
g4 16. Nd2 Nxd4 17. Ra2 Bg5 18. g3 Bxd2 19. Bxd2 Nf3+ 20. Kf1 Nxe1 21. Kxe1 Ne7
22. d4 Nc6 23. Ne2 a5 24. Rc2 Kd7 25. Rb2 axb4 26. axb4 Ra1+ 27. Bc1 Nxd4 28.
Kd1 Nf3 29. Kc2 Nxh2 30. Nd4 c6 31. Be3 Nf1 32. Bf4 Rha8 33. Bxh6 R8a2 34. Bf8
Rxb2+ 35. Kxb2 Rd1 36. Kc3 Rd2 37. Nb3 Rxf2 38. Nc5+ Ke8 39. Nxe6 Kf7 40. Bc5
Rf3+ 41. Kc2 Rxg3 42. Nd4 Rg2+ 43. Kd3 Rd2+ 44. Kc3 g3 45. Nxf5 Ke6 46. Nxg3 Rd1
47. Kc2 Ra1 48. Kb2 Re1 49. Nxf1 Rxf1 50. Kc3 Kxe5 51. Bb6 Rf3+ 52. Kd2 d4 53.
Ke2 Rb3 0-1

[Event "Challenge"]
[Site "http://www.queenalice.com/game.php?id=61833"]
[Date "2006.4.7"]
[Round "-"]
[White "Frank"]
[Black "volmar"]
[Result "0-1"]
[WhiteElo "1558"]
[BlackElo "1690"]

1. e4 e5 2. Nf3 Qf6 3. Bc4 Bc5 4. d3 Nc6 5. Nc3 Nd4 6. Nd5 Nxf3+ 7. Qxf3 Qxf3 8.
gxf3 Bd6 9. Rg1 g6 10. b3 c6 11. Ne3 b5 12. Bb2 bxc4 13. Nxc4 Ke7 14. Nxe5 f6
15. Ng4 h5 16. Ne3 Rh6 17. O-O-O Bxh2 18. Rg2 Bf4 19. Ba3+ d6 20. Kb1 Bxe3 21.
fxe3 h4 22. Rh2 a5 23. d4 Kd7 24. Bc1 a4 25. b4 Rb8 26. a3 Rh5 27. Rg1 Ne7 28.
c4 Ba6 29. c5 dxc5 30. dxc5 Rf8 31. Bb2 Kc8 32. f4 Bd3+ 33. Kc1 Bxe4 34. Kd2
Rd8+ 35. Ke2 f5 36. Bf6 Kd7 37. Rd1+ Bd5 38. Rc1 h3 39. b5 cxb5 40. Kd3 Ke6 41.
Bg5 Bf3+ 42. Kc3 Rd1 43. Rcc2 Be4 44. Rb2 Nd5# 0-1

[Event "Challenge"]
[Site "http://www.queenalice.com/game.php?id=63374"]
[Date "2006.4.15"]
[Round "-"]
[White "Simone"]
[Black "volmar"]
[Result "0-1"]
[WhiteElo "1735"]
[BlackElo "1701"]

1. e4 e5 2. Nf3 Nc6 3. a3 d6 4. Bb5 a6 5. Bxc6+ bxc6 6. h3 c5 7. d3 h6 8. c4 c6
9. Nc3 Bb7 10. a4 d5 11. Nxe5 Bd6 12. Nf3 f6 13. exd5 cxd5 14. cxd5 Ne7 15. Qb3
Rb8 16. Qc4 Be5 17. Nxe5 fxe5 18. O-O Bxd5 19. Qxc5 O-O 20. Nxd5 Nxd5 21. Qc4
Qd6 22. Qa2 Kh8 23. Qa3 Qxa3 24. Rxa3 Rfc8 25. b3 Nb4 26. Rd1 Nc2 27. Ra2 Rxb3
28. Be3 Nb4 29. Rad2 Ra3 30. d4 exd4 31. Rxd4 Rxa4 32. Rb1 a5 33. Bd2 Rb8 34.
Kh2 Kg8 35. g3 Kh7 36. h4 h5 37. Rc4 Ra2 38. Be1 Rf8 39. Kg2 Nd3 40. Kg1 Nxf2
41. Bxf2 Rfxf2 42. Rc5 Rg2+ 43. Kf1 Rxg3 44. Rxh5+ Kg6 45. Rc5 a4 46. Rb6+ Kh7
47. Rh5+ Kg8 48. Rb8+ Kf7 49. Rb7+ Kg6 50. Rg5+ Rxg5 51. hxg5 a3 52. Ke1 Rb2 53.
Ra7 a2 54. Ra6+ Kxg5 55. Ra5+ Kh6 56. Ra6+ g6 57. Kd1 Rb1+ 58. Kc2 a1=Q 59. Rxa1
Rxa1 60. Kb2 Rh1 61. Kc2 Kh5 62. Kd2 g5 63. Ke2 g4 64. Kf2 Kh4 65. Kg2 Rh3 66.
Kf2 g3+ 67. Kg2 Rh2+ 68. Kg1 Kh3 69. Kf1 Rh1+ 70. Ke2 g2 0-1

[Event "Challenge"]
[Site "http://www.queenalice.com/game.php?id=63380"]
[Date "2006.4.15"]
[Round "-"]
[White "vsg_sampa"]
[Black "volmar"]
[Result "0-1"]
[WhiteElo "1759"]
[BlackElo "1683"]

1. e4 e5 2. Nf3 Nc6 3. Bb5 a6 4. Bxc6 dxc6 5. h3 Qf6 6. d3 h6 7. Bd2 g5 8. Bc3
Bd6 9. Nbd2 b5 10. Nf1 b4 11. Bd2 Bb7 12. Ng3 Ne7 13. Nh5 Qg6 14. Nh2 O-O 15. g4
c5 16. Qf3 c4 17. b3 f5 18. Qe2 fxe4 19. Rf1 exd3 20. cxd3 cxd3 21. Qe3 e4 22.
Rh1 Nd5 23. Qd4 e3 24. Bxe3 Nxe3 25. fxe3 Bxh1 26. Nf1 Bg2 27. Qc4+ Qf7 28.
Qxf7+ Rxf7 29. Nfg3 Bxg3+ 30. Nxg3 Rf3 31. Kd2 Rxg3 32. Rg1 Rd8 33. Rc1 c6 34.
Rxc6 Bxc6 35. Ke1 d2+ 36. Kf2 Rg2+ 37. Kf1 d1=Q# 0-1

[Event "Challenge"]
[Site "http://www.queenalice.com/game.php?id=68984"]
[Date "2006.5.13"]
[Round "-"]
[White "volmar"]
[Black "azumi"]
[Result "1-0"]
[WhiteElo "1688"]
[BlackElo "1322"]

1. e4 e5 2. Bc4 Nf6 3. d3 c6 4. Bg5 h6 5. Bxf6 gxf6 6. c3 b5 7. Bb3 Bc5 8. Qh5
Qe7 9. Qg4 d5 10. Qg7 Qf8 11. Qxf6 Bd6 12. Nf3 Nd7 13. Qh4 Be7 14. Qg3 Rg8 15.
Nxe5 Rxg3 16. Nxd7 Bxd7 17. hxg3 O-O-O 18. exd5 Re8 19. O-O Bc5 20. dxc6 Bxc6
21. d4 Bb6 22. a4 a5 23. axb5 Bxb5 24. Rc1 Re2 25. Na3 Bd3 26. Bc4 Rd2 27. Bxd3
Rxd3 28. Nc4 Kb7 29. Nxa5+ Bxa5 30. Rxa5 Kb6 31. Rca1 Qc8 32. R5a4 Qg4 33. Rb4+
Kc6 34. d5+ Kxd5 35. Rxg4 f5 36. Ra5+ Ke6 37. Rg6+ Ke7 38. Rxh6 Rd1+ 39. Kh2 Rd2
40. Rxf5 Rxb2 41. Ra5 Rxf2 42. Ra7+ Ke8 43. Rhh7 1-0

[Event "Challenge"]
[Site "http://www.queenalice.com/game.php?id=69178"]
[Date "2006.5.14"]
[Round "-"]
[White "volmar"]
[Black "borisluis"]
[Result "1-0"]
[WhiteElo "1643"]
[BlackElo "1693"]

1. e4 e5 2. Bc4 Bc5 3. Qf3 Qf6 4. Qxf6 Nxf6 5. f3 c6 6. Nh3 d5 7. exd5 cxd5 8.
Bb5+ Bd7 9. Bxd7+ Nbxd7 10. a3 O-O 11. b4 1-0

[Event "Challenge"]
[Site "http://www.queenalice.com/game.php?id=69567"]
[Date "2006.5.16"]
[Round "-"]
[White "mbazeggio"]
[Black "volmar"]
[Result "0-1"]
[WhiteElo "1507"]
[BlackElo "1661"]

1. e4 e5 2. Nf3 Nc6 3. d4 Qf6 4. Bg5 Qg6 5. Nc3 exd4 6. Nxd4 Nxd4 7. Qxd4 Qxg5
8. Nd5 c6 9. Nc7+ Kd8 10. Nxa8 Qc5 11. Qd3 Nf6 12. Be2 Qe5 13. Bf3 d5 14. O-O
Bd6 15. g3 dxe4 16. Rfe1 exd3 17. Rxe5 Bxe5 18. cxd3 Kd7 19. d4 Bxd4 20. Rd1 c5
21. b3 Kd6 22. b4 b6 23. a3 Bg4 0-1

[Event "Challenge"]
[Site "http://www.queenalice.com/game.php?id=70372"]
[Date "2006.5.21"]
[Round "-"]
[White "Danilo"]
[Black "volmar"]
[Result "0-1"]
[WhiteElo "1506"]
[BlackElo "1709"]

1. e4 e5 2. Nf3 Nc6 3. a3 Qf6 4. Bc4 Bc5 5. d3 h6 6. Nc3 Nd4 7. Nd5 Qd6 8. Nxd4
Bxd4 9. Qf3 Nf6 10. Nxf6+ Qxf6 11. Qxf6 gxf6 12. O-O f5 13. exf5 d6 14. c3 Bb6
15. b4 Bxf5 16. Kh1 f6 17. f4 e4 18. dxe4 Bxe4 19. Re1 f5 20. Bd3 d5 21. Bxe4
fxe4 22. g4 a5 23. c4 c6 24. c5 Bc7 25. Bb2 Rg8 26. Bc3 axb4 27. Bxb4 Bxf4 28.
a4 Rxg4 29. Rg1 Rxg1+ 30. Rxg1 Kf7 31. Rf1 Ke6 32. Rxf4 Rxa4 33. Bc3 Rc4 34.
Rf6+ Ke7 35. Be5 e3 36. Bg3 Kxf6 37. Bf4 Rxf4 38. h4 e2 39. h5 Rf2 40. Kg1 e1=Q#
0-1

[Event "Vamos nessa !!!"]
[Site "http://www.queenalice.com/game.php?id=79478"]
[Date "2006.6.23"]
[Round "-"]
[White "mbazeggio"]
[Black "volmar"]
[Result "0-1"]
[WhiteElo "1488"]
[BlackElo "1702"]

1. e4 e5 2. Nf3 Nc6 3. Bb5 a6 4. Bxc6 dxc6 5. h3 f6 6. a3 b5 7. d4 Bd6 8. dxe5
fxe5 9. Bg5 Ne7 10. Nc3 O-O 11. Qd2 h6 12. Bh4 Qe8 13. Bg3 Ng6 14. Nd5 cxd5 15.
Qxd5+ Be6 16. Qd2 Qc6 17. O-O Qxe4 18. Qd3 Qxd3 19. cxd3 c5 20. Rac1 Rac8 21.
Nd2 Bf5 22. Ne4 Be7 23. f3 Nf4 24. Bxf4 exf4 25. Rfe1 Bxe4 26. Rxe4 Bf6 27. Rxf4
Bxb2 28. Rxf8+ Kxf8 29. Re1 Bxa3 30. Re3 b4 31. Kf1 a5 32. Ke2 Bc1 0-1

[Event "Challenge"]
[Site "http://www.queenalice.com/game.php?id=79883"]
[Date "2006.6.25"]
[Round "-"]
[White "metroid"]
[Black "volmar"]
[Result "0-1"]
[WhiteElo "1236"]
[BlackElo "1685"]

1. e4 e5 2. Nf3 f6 3. Bc4 Nh6 4. Nc3 Bc5 5. Bf1 Ng4 6. d4 exd4 7. Nd5 d3 8. Bxd3
Nxf2 9. Kf1 Nxd1 10. Bd2 Nxb2 11. Be2 c6 12. Nc3 b5 13. Nd1 Nxd1 14. Rxd1 Qe7
15. Ba5 Qxe4 16. Bd3 Qa4 17. Re1+ Be7 18. Bc7 Qxa2 19. Bf5 Kf7 20. c3 Qc2 21.
Bxc2 b4 22. Bb3+ d5 0-1

[Event "I challenge you!"]
[Site "http://www.queenalice.com/game.php?id=84685"]
[Date "2006.7.11"]
[Round "-"]
[White "NinjaX"]
[Black "volmar"]
[Result "1-0"]
[WhiteElo "1988"]
[BlackElo "1687"]

1. d4 d5 2. c4 c6 3. Nf3 Nf6 4. Nc3 dxc4 5. a4 Bf5 6. e3 e6 7. Bxc4 Bb4 8. O-O
O-O 9. Qb3 Qe7 10. a5 c5 11. Ra4 Nc6 12. a6 Na5 13. Qa2 b6 14. Bd2 Rac8 15. Bb5
Bc2 16. Ra3 cxd4 17. Nxd4 Bxa3 18. Nxc2 Rfd8 19. Nd4 Bb4 20. Rc1 e5 21. Nf3 e4
22. Nd4 Bd6 23. Qa4 Be5 24. Nce2 Rxc1+ 25. Bxc1 Qc7 26. h3 Rc8 27. b4 Nc4 28.
Qc2 Nd6 29. Qxc7 Rxc7 30. Bc6 Kh8 31. b5 Nc4 32. f3 exf3 33. gxf3 1-0

[Event "Challenge"]
[Site "http://www.queenalice.com/game.php?id=87146"]
[Date "2006.7.18"]
[Round "-"]
[White "volmar"]
[Black "zalvaje"]
[Result "1-0"]
[WhiteElo "1718"]
[BlackElo "1257"]

1. e4 e5 2. Bc4 Nf6 3. Nc3 c6 4. Nf3 b5 5. Bb3 d5 6. exd5 cxd5 7. Nxe5 Be6 8.
Nxb5 a6 9. Nc3 Bd6 10. Nd3 Ng4 11. h3 Qh4 12. Bxd5 Bxd5 13. Nxd5 O-O 14. Qxg4
Re8+ 15. Ne3 Qxg4 16. hxg4 g6 17. O-O Nd7 18. Nd5 a5 19. Ne1 Ne5 20. Nf6+ Kg7
21. Nxe8+ Rxe8 22. g5 1-0

[Event "Challenge"]
[Site "http://www.queenalice.com/game.php?id=89223"]
[Date "2006.7.25"]
[Round "-"]
[White "volmar"]
[Black "PRi"]
[Result "0-1"]
[WhiteElo "1701"]
[BlackElo "1822"]

1. e4 d5 2. e5 Nc6 3. Bb5 Bd7 4. Bxc6 Bxc6 5. d4 e6 6. Nh3 f6 7. exf6 Nxf6 8.
Bg5 Be7 9. Bxf6 Bxf6 10. Nf4 Qd6 11. Qg4 O-O-O 12. O-O Bd7 13. Nh5 e5 14. Qg3
Rde8 15. Nxf6 Qxf6 16. Nc3 c6 17. dxe5 Rxe5 18. Rae1 Rhe8 19. Rxe5 Rxe5 20. f4
Rf5 21. b4 Qd4+ 22. Rf2 g5 23. fxg5 Rxf2 24. Qxf2 Qxc3 25. h4 Qxb4 26. Qf6 Qe1+
27. Kh2 Qxh4+ 28. Kg1 a5 29. Qe5 Qe4 30. Qh8+ Kc7 31. c3 Qe3+ 32. Kf1 Bg4 33.
Qxh7+ Kb6 34. g6 Be2+ 35. Ke1 Bd3+ 36. Kd1 Qe2+ 0-1

[Event "Challenge"]
[Site "http://www.queenalice.com/game.php?id=95674"]
[Date "2006.8.14"]
[Round "-"]
[White "mbazeggio"]
[Black "volmar"]
[Result "1-0"]
[WhiteElo "1515"]
[BlackElo "1725"]

1. e4 e5 2. Nf3 f6 3. Bc4 Nh6 4. d3 g5 5. a3 Bc5 6. h3 Rg8 7. Bxg8 Nxg8 8. Nc3
c6 9. d4 exd4 10. Nxd4 Bxd4 11. Qxd4 d6 12. Be3 Na6 13. Qc4 Ne7 14. O-O-O Nc7
15. f4 d5 16. Qd4 h6 17. Qxf6 gxf4 18. Qxf4 Ng8 19. Bd4 Qg5 20. Qxg5 hxg5 21.
exd5 cxd5 22. Be5 Kd7 23. Bxc7 Kxc7 24. Nxd5+ Kc6 25. Rhe1 a5 26. Re8 Nh6 27.
Ne7+ Kc7 28. Rdd8 Rb8 29. Nd5+ Kc6 30. Rxc8+ Rxc8 31. Rxc8+ Kxd5 32. c3 Nf7 33.
Rc7 Nd6 34. Rg7 a4 35. Rxg5+ Kc6 36. Rg6 b5 37. g4 Kd5 38. Rxd6+ Kxd6 39. g5 Ke6
40. h4 Kf5 41. Kc2 Kg6 42. Kd3 Kf5 43. Kd4 Kg6 44. Kc5 Kh5 45. Kxb5 Kxh4 46. g6
Kg5 47. g7 Kf4 48. g8=Q Ke4 49. Kxa4 Kd3 50. Kb3 Kd2 51. a4 Kd3 52. Qe8 Kd2 53.
Qe4 Kd1 54. c4 1-0

[Event "I challenge you!"]
[Site "http://www.queenalice.com/game.php?id=108490"]
[Date "2006.9.21"]
[Round "-"]
[White "volmar"]
[Black "NinjaX"]
[Result "0-1"]
[WhiteElo "1690"]
[BlackElo "2276"]

1. e4 c5 2. Qf3 Nc6 3. Bc4 Nf6 4. Qb3 e6 5. f3 d5 6. Bb5 Bd7 7. Bxc6 Bxc6 8.
exd5 exd5 9. d3 Bd6 10. Bg5 O-O 11. Nd2 Re8+ 12. Ne2 Qe7 13. Ne4 dxe4 14. dxe4
Rad8 15. O-O-O h6 16. Bxf6 Qxf6 17. Qe3 b5 18. f4 Rxe4 19. Qf2 b4 20. c3 Rxe2
21. Qxe2 bxc3 22. b3 Qxf4+ 23. Kc2 Be4+ 24. Kxc3 Be5+ 25. Kc4 Bd3+ 26. Kxc5 Qd4+
27. Kc6 Qd5# 0-1

[Event "Challenge"]
[Site "http://www.queenalice.com/game.php?id=113608"]
[Date "2006.10.5"]
[Round "-"]
[White "val_si"]
[Black "volmar"]
[Result "1-0"]
[WhiteElo "1682"]
[BlackElo "1682"]

1. e4 e5 2. Nf3 f6 3. Bc4 Nh6 4. h3 g5 5. Nxg5 Ke7 6. d3 c6 7. Nf3 d5 8. exd5
cxd5 9. Bb3 Be6 10. Nxe5 fxe5 11. Bg5+ Kd7 12. Bxd8 Bb4+ 13. c3 Bxc3+ 14. Nxc3
Rxd8 15. Qh5 Nf7 16. Ba4+ Nc6 17. O-O Rg8 18. Ne2 Rg5 19. Qh4 Rag8 20. Bxc6+
bxc6 21. Ng3 Rb8 22. b3 a5 23. Qa4 Rb5 24. Rab1 d4 25. b4 axb4 26. Rxb4 Rxb4 27.
Qxb4 Bd5 28. Ne4 Bxe4 29. dxe4 Nd6 30. f3 Rg7 31. Qb8 Re7 32. a4 h5 33. a5 Re8
34. Qa7+ Ke6 35. Qh7 Ra8 36. Qh6+ Ke7 37. Qg5+ Ke6 38. Qg6+ Ke7 39. Qg7+ Ke6 40.
Qg6+ Ke7 41. Ra1 Ra6 42. Qxh5 Ke6 43. Qh6+ Ke7 44. Qg5+ Ke6 45. h4 Ra8 46. Qc1
Kd7 47. Qc5 1-0

[Event "Challenge"]
[Site "http://www.queenalice.com/game.php?id=118693"]
[Date "2006.10.19"]
[Round "-"]
[White "volmar"]
[Black "mbazeggio"]
[Result "1-0"]
[WhiteElo "1702"]
[BlackElo "1554"]

1. e4 e5 2. Qf3 Qf6 3. Nc3 a6 4. Nd5 Qc6 5. b3 Nf6 6. Bc4 Be7 7. Bb2 b5 8. Nxf6+
Qxf6 9. Qxf6 Bxf6 10. Nf3 bxc4 11. bxc4 d6 12. d4 exd4 13. Bxd4 Nd7 14. Bxf6
Nxf6 15. e5 Ng4 16. exd6 cxd6 17. Rd1 O-O 18. Rxd6 Re8+ 19. Kf1 Rb8 20. Rd1 Bb7
21. h3 Ne5 22. Nxe5 Rxe5 23. f4 Re4 24. Kf2 Rxf4+ 25. Kg3 g5 26. h4 f6 27. hxg5
Rxc4 28. gxf6 Rc3+ 29. Rd3 Be4 30. Rxc3 Kf7 31. Rf1 Rg8+ 32. Kh4 Rxg2 33. Rc7+
Kg6 34. f7 Rh2+ 35. Kg3 Rg2+ 36. Kh3 1-0

[Event "Challenge"]
[Site "http://www.queenalice.com/game.php?id=124908"]
[Date "2006.11.3"]
[Round "-"]
[White "volmar"]
[Black "PRi"]
[Result "0-1"]
[WhiteElo "1666"]
[BlackElo "1893"]

1. e4 c5 2. Qf3 Nc6 3. c3 Nf6 4. Bc4 d6 5. h3 e6 6. Ne2 d5 7. exd5 exd5 8. Bb5
Be7 9. Bxc6+ bxc6 10. c4 O-O 11. d3 Be6 12. Na3 Qa5+ 13. Bd2 Qb6 14. Nf4 Qxb2
15. Rc1 Qxa3 16. Qe2 Bf5 17. g4 Bd6 18. gxf5 Bxf4 19. Bxf4 Rfe8 20. Be3 d4 21.
O-O Re5 22. Rcd1 Rae8 23. Bc1 Qa4 24. Qf3 Qxa2 25. Bg5 Qe2 26. Qxe2 Rxe2 27.
Bxf6 gxf6 28. Ra1 R8e7 29. Kg2 Rd2 30. Rfd1 Rxd1 31. Rxd1 a5 32. Ra1 Ra7 33. Ra4
Kf8 34. Kg3 Ke7 0-1

[Event "Challenge"]
[Site "http://www.queenalice.com/game.php?id=129387"]
[Date "2006.11.14"]
[Round "-"]
[White "mbazeggio"]
[Black "volmar"]
[Result "1-0"]
[WhiteElo "1570"]
[BlackElo "1703"]

1. e4 Nf6 2. Nc3 e5 3. Nf3 Bc5 4. Nxe5 d6 5. Nf3 Ng4 6. d4 Bb4 7. Bd2 Bxc3 8.
Bxc3 Qe7 9. Qe2 b6 10. O-O-O Ba6 11. Qe1 O-O 12. Bd3 Bxd3 13. cxd3 c6 14. h3 Nf6
15. d5 cxd5 16. Bxf6 Rc8+ 17. Bc3 dxe4 18. Qxe4 Nc6 19. Qg4 f6 20. Rhe1 Qf7 21.
Kb1 d5 22. Nd4 Nxd4 23. Bxd4 Rc6 24. Rc1 Rxc1+ 25. Rxc1 Re8 26. h4 f5 27. Qg3
1-0

[Event "Challenge"]
[Site "http://www.queenalice.com/game.php?id=162869"]
[Date "2007.2.3"]
[Round "-"]
[White "Marcellus"]
[Black "volmar"]
[Result "1-0"]
[WhiteElo "1867"]
[BlackElo "1649"]

1. e4 e5 2. Nf3 Nc6 3. d4 exd4 4. Nxd4 Qf6 5. Be3 Bc5 6. c3 Nge7 7. Bc4 Ne5 8.
Nd2 Qg6 9. Bf1 Ng4 10. Bf4 c6 11. f3 Bxd4 12. cxd4 O-O 13. fxg4 d5 14. Bd3 Bxg4
15. Qb3 1-0

[Event "Challenge"]
[Site "http://www.queenalice.com/game.php?id=162870"]
[Date "2007.2.3"]
[Round "-"]
[White "volmar"]
[Black "Marcellus"]
[Result "0-1"]
[WhiteElo "1659"]
[BlackElo "1805"]

1. e4 e5 2. Qf3 Nc6 3. Bc4 Nf6 4. d3 Nd4 5. Qd1 b5 6. c3 bxc4 7. cxd4 exd4 8.
dxc4 Bb4+ 9. Kf1 c5 10. e5 Ng8 11. a3 Ba5 12. b4 Bc7 0-1